000 00583nam a22001931 4500
020 _a0853340110
082 0 0 _a624.1834
_bCRI
_cL-19, P-10
100 1 _aCritchell, Peter L.
_943104
245 1 0 _aJoints and cracks in concrete,
_cby Peter L. Critchell.
250 _aRevised ed.
260 _aLondon,
_bC. R. Books,
_c1968.
300 _a244 p.
_billus.
_c23 cm.
490 0 _aThe Concrete library
526 _a0
_b0
_c0
_d624_183400000000000_CRI
650 0 _aConcrete construction
_xJoints.
_943105
650 0 _aConcrete
_xDefects.
_943106
650 0 _aMCE
_9379
942 _2ddc
_cBK
999 _c546904
_d546904